000 00773nam a22002417a 4500
999 _c15270
_d15270
003 MIRAKIL
005 20240206095349.0
008 240206b tu ||||| |||| 00| 0 tur d
020 _a9786257681247
040 _aTR-AnCHP
_cTR-AnCHP
041 _aTürkçe
082 _a305.4
_bA87V 2021
090 _a305.4 A87V 2021
100 _aAvşar, Gülhan
245 1 0 _aVaveyla /
_bYolu kadın sığınmaevinden geçenlerin öyküsü
_cGülhan Avşar ; editör : Vural Akboğa
250 _a1. bs.
260 _aAnkara
_bGülnar Yayınları
_c2021
300 _a178 s.
_c21 cm.
500 _aKaynakça var.
650 0 _9567
_aKadınlar
_xŞiddetTürkiye
856 _zDijital Nüshası için Partimizin Kütüphane Sorumlusu ile iletişime geçiniz.
942 _2ddc
_cBKS